00583nam a2200133Ia 4500008004100000100002900041245011200070260006300182300002000245650001700265856007500282999001900357952007300376160712s9999 xx 000 0 und d aSánchez, Benedicto Q.  cBenedicto Q. SánchezaDoes the Food Sovereignty Movement Exist in Negros? The BIND and ONOPRA Experiences c2011bKasarinlan Philippine Journal of Third World Studies avol. 26 no. 1-2 xINDEPENDENCE uhttp://journals.upd.edu.ph/index.php/kasarinlan/issue/view/331/showToc c297595d297595 001040aCLbCLd2016-07-12l0r2016-07-12 00:00:00w2016-07-12yFEJ